| 000 | 01619nac a22002771u 4500 | ||
|---|---|---|---|
| 010 | _a 86002247 | ||
| 020 | _a0231063482 | ||
| 020 | _a0231063490 (pbk.) | ||
| 082 | 0 | 0 |
_a327.101 _bKEO |
| 090 |
_c8554 _d8554 |
||
| 100 | _a20080729 | ||
| 245 | 0 | 0 |
_aNeorealism and its critics / _cRobert O. Keohane, editor. |
| 260 |
_aNew York : _bColumbia University Press,C.1986. _cC.1986. |
||
| 300 |
_ax, 378 p. ; _c24 cm. |
||
| 440 | 4 | _aThe Political economy of international change | |
| 500 | _aIncludes index. | ||
| 500 | _aDistributer: Baccah. | ||
| 504 | _aBibliography: p. [347]-366. | ||
| 505 | 0 | _aRealism, neorealism, and the study of world politics / Robert O. Keohane -- Laws and theories / Kenneth N. Waltz -- Reductionist and systemic theories / Kenneth N. Waltz -- Political structures / Kenneth N. Waltz -- Anarchic orders and balances of power / Kenneth N. Waltz -- Continuity and transformation in the world polity / John Gerard Ruggie -- Theory of world politics / Robert O. Keohane -- Social forces, states, and world orders / Robert W. Cox -- The poverty of neorealism / Richard K. Ashley -- The richness of the tradition of political realism / Robert G. Gilpin -- Reflections on theory of international politics / Kenneth N. Waltz. | |
| 511 | _aCatalogued By: Mhaitab. | ||
| 650 | 0 | _aInternational relations. | |
| 650 | 0 |
_aWorld politics _y1945-1989. |
|
| 700 | 1 |
_aKeohane, Robert O. _q(Robert Owen), _d1941- |
|
| 942 |
_cBB _k327.101KEO |
||
| 999 |
_c8554 _d8554 |
||